Statistiques concernant Les Rois de France depuis Hugues Capet (Difficile)

Cliquez ici pour prendre le quiz!

Statistiques générales

  • Ce quiz a été pris 262 fois
  • Le résultat moyen est 26 sur 36

Statistiques - réponses

DynastieDates de règneNom% Correct
Capétiens directs987-996Hugues Capet
87%
Bourbons1643-1715Louis XIV le Grand
87%
Bourbons1610-1643Louis XIII
86%
Bourbons1774-1792Louis XVI
86%
Bourbons1715-1774Louis XV le Bien-Aimé
86%
Bourbons1815-1824Louis XVIII
84%
Bourbons1589-1610Henri IV le Grand
82%
Bourbons d'Orléans1830-1848Louis-Philippe Ier
82%
Valois d'Angoulême1515-1547François Ier
80%
Bourbons1824-1830Charles X
79%
Valois d'Angoulême1574-1589Henri III
79%
Valois d'Angoulême1547-1559Henri II
77%
Capétiens directs1226-1270Louis IX dit "Saint Louis"
76%
Valois d'Angoulême1559-1560François II
74%
Valois d'Orléans1498-1515Louis XII
74%
Valois d'Angoulême1560-1574Charles IX
71%
Valois directs1461-1483Louis XI
71%
Valois directs1380-1422Charles VI le Fol
70%
Capétiens directs1314-1316Louis X le Hutin
70%
Capétiens directs1285-1314Philippe IV le Bel
70%
Valois directs1422-1461Charles VII le Victorieux
69%
Valois directs1364-1380Charles V le Sage
69%
Capétiens directs1137-1180Louis VII le Jeune
69%
Capétiens directs1108-1137Louis VI le Gros
69%
Capétiens directs1180-1223Philippe II Auguste
68%
Capétiens directs1270-1285Philippe III le Hardi
68%
Capétiens directs1223-1226Louis VIII le Lion
67%
Capétiens directs1322-1328Charles IV le Bel
65%
Valois directs1483-1498Charles VIII l'Affable
65%
Capétiens directs1316Jean Ier le Posthume
63%
Capétiens directs1060-1108Philippe Ier
63%
Valois directs1328-1350Philippe VI de Valois
63%
Capétiens directs1316-1322Philippe V le Long
63%
Valois directs1350-1364Jean II le Bon
61%
Capétiens directs1031-1060Henri Ier
60%
Capétiens directs996-1031Robert II le Pieux
57%

Distribution des résultats

Percentile par nombre de réponses

% des personnes avec chaque résultat

Votre développement - résultats

Vous n’avez pas pris ce quiz